00833njm a22002417a 450000500170000000600190001700700150003600800410005102800300009203500100012203500140013204000130014624500960015926000370025530000680029250000170036050500900037765000440046770000270051170000240053894200120056299900170057420100831101725.0a|||||r|||||00| 0 sd bmmalaaahaa100830t xxu||||| |||| 00| 0 eng d aN-20183bHis Master Voice aGR-12 aOMC 24806 aSEDcSED aSarod va sitar raag des /c Sing by Ustad Ali Akbar [and] Ravi Shankarh[sound recording] : aDum dum India bHis Master voice a1 sound disc [Gramophone Record] :banalog, 33 1/3 rpm c9.5 in aBrief record aSarod va sitar raag kafi jila ( Ali Akbar Khan, Ravi Shankar) Sarod va sitar raag des aClassical musicxExcerptszIndia917413 aKhan, Ali Akbar917414 aRavi Shankar917415 2ddccGR c43177d43177